Statistics for Countries with embassies and consulates in Jamaica

Click here to take the quiz!

General Stats

  • This quiz has been taken 45 times
  • The average score is 22 of 28

Answer Stats

ContinentCountry% Correct
South AmericaBrazil
94%
EuropeUnited Kingdom
94%
North AmericaUnited states of America
94%
North AmericaCanada
92%
AsiaChina
92%
North AmericaCuba
92%
EuropeFrance
92%
South AmericaColombia
89%
North AmericaDominican Republic
89%
South AmericaVenezuela
89%
South AmericaArgentina
86%
Asia/ EuropeRussia
86%
AsiaJapan
83%
North AmericaMexico
83%
North AmericaCosta Rica
81%
North AmericaPanama
81%
EuropeGermany
78%
AfricaSouth Africa
78%
EuropeSpain
78%
South AmericaChile
75%
EuropeBelgium
69%
AsiaIndia
69%
North AmericaNicaragua
69%
AfricaAlgeria
67%
North AmericaSaint Kitts and Nevis
64%
AsiaSouth Korea
64%
AfricaNigeria
58%
North AmericaTrinidad and Tobago
58%

Score Distribution

Percentile by Number Answered

Percent of People with Each Score

Your Score History

You have not taken this quiz